Estatísticas para Música vs cantor

Clique aqui para jogar o quiz

Estatísticas Gerais

  • Esse quiz foi jogado 11 vezes
  • A pontuação média é 9 de 15

Estatísticas das Respostas

HintResposta% Correto
Assobia para o ladoCarlão
91%
Sonhos de MeninoTony Carreira
91%
Dia de FolgaAna Moura
82%
Pica do 7António Zambujo
82%
A vida TodaCarolina Deslandes
82%
VoltasFernando Daniel
82%
Busy for meAurea
73%
ParaísoDiogo Piçarra
73%
Melhor de MimMariza
73%
Lisboa Menina e MoçaCarlos do Carmo
55%
Ritmo do AmorEmanuel
55%
Rosa SangueMarisa Liz
55%
EternoAnjos
27%
Jardins ProibidosPaulo Gonzo e Olavo Bilac
9%
CinderelaCarlos Paixão
0%

Distribuição das Pontuações

Percentil de Números Respondidos

Porcentagem de Pessoas com Cada Pontuação

Sua Pontuação Histórica

Você não jogou esse quiz